01957 a2200205 45000010006000000050017000060080041000230030015000640400040000790800040001192450051001592500011002102640034002213000023002555051374002781000025016527000020016777000031016977000023017282298020260407155519.0260407a1987 arg spa dAR-UNSa-BCEJYS aAR-UNSa-BCEJYSbspacAR-UNSa-BCEJYS a338.5.01xTeorías de los precios 10aSistemas de precios y asiganción de recursos a9a. ed 1aMéxico :bMcGraw-Hillc1987 axi, 637 p.c23 cm. aParte I: Repaso del análisis económico básico - 1. Actividad económica y teoría económica - 2. La organización de un sistema económico - 3. El modelo de mercado de competencia pura - 4. Aplicaciones del modelo a la política económica - Parte II: Los fundamentos de la demanda - 5. Teoría moderna de la elección del consumidor - 6. Curva de Engel, las curvas de demanda y el intercambio - 7. El enfoque de utilidad en la preferencia y la demanda del consumidor. Un caso especial - Parte III: Las bases de los costos y la oferta - 8. Clasificación del mercado y la demanda desde el punto de vista del vendedor - 9. Los principios de la producción - 10. Costos de producción - Parte IV: Precios y niveles de producción de bienes y servicios - 11. Precio y producción en competencia pura - 12. Fijación de precios y producción bajo el monopolio puro - 13. Fijación de precios y de la producción bajo el oligopolio - 14. Fijación de precios y producción bajo competencia monopolística - Parte V: La determinación de los precios de los recursos y sus funciones - 15. Fijación de precios y utilización de recursos: competencia pura - 16. Fijación de precios y utilización de recursos: monopolio y monopsonio - 17. Distribución de recursos - 18. Distribución del ingreso y del producto - 19. Bienestar y equilibrio1 aLeftwich, Richard H.1 aEckert, Ross D.1 aCoro Pando, Julio Silverio1 aLastra, Eduardo J.